00765 a2200205 4500003000500000005001700005040000900022082001200031100003200043245007300075260003100148300001600179505018200195538002900377610001500406650000900421942000800430999001900438952010200457Nust20170207153204.0 cNust a621.382 aKhan, Muhammad Raees (MSCS) aDesigning and developing real time data linkcMuhammad Raees Khan  bMCS,NUSTc2001aRawalpindi avi, 80, p.; aIntroduction (page-1), Radio link system (page-9), Digital communication fundamentals (page-23), Hardware components (page-33), System integration (page-49), Summary (page-60).  aAlmirah No 69 Shelf No 1 aPG Thesis aMSCS cTHS c181113d181113 00102ddc40708NFICaMCSbMCSd2016-12-12l0o005.1 KHApMCSTCS-16r2016-12-08w2016-12-12yBK